Представление документа в формате RUSMARC

ПолеНазваниеЗначение
  Тип записи a
  Библиографический уровень m
001 Контрольный номер ec74e406546c4409943df56c30468b93
005 Дата корректировки 20250415121030.3
010 Индекс ISBN __
d Цена 2-10
101 Язык документа 0_
a Язык текста rus
c Язык оригинала rus
200 Заглавие и сведения об ответственности 1_
a Заглавие Суворов
e Сведения, относящиеся к заглавию ист. роман
b Общее обозначение материала Текст
210 Выходные данные 1_
a Место издания М.
c Издательство Воениздат
d Дата издания 1978
215 Физическое описание __
a Объем 496 с., 1 л. портр.
c Иллюстрации/тип воспроизводства ил.
225 Серия 2_
a Серия Библиотечная серия
330 Аннотация __
a Аннотация Охватывается вся жизнь, весь воинский путь великого русского полководца - от солдата до генералиссимуса.
600 Персоналии _1
a Персоналии (Фамилия) Суворов, А. В.
f Даты 1730-1800
g Полное имя Александр Васильевич
606 Тематические рубрики __
a Основная рубрика Художественная литература
z Хронологическая подрубрика 18 в.; 20 в.
y Географическая подрубрика Россия
606 Тематические рубрики __
a Основная рубрика Русская литература XX в. (произведения)
610 Ключевые слова 0_
a Ключевые слова исторические романы; романы-хроники; биографические романы; полководцы; генералиссимусы; тема патриотизма; патриотическая тема; биографии; биографическая проза; историческая проза
686 Индексы других классификаций __
a Классификационный индекс 84(2Рос=Рус)6-4
700 Автор _1
a Фамилия Михайлов
b Имя О. Н.
g Полное личное имя Олег Николаевич
4 Код отношения 070
801 Источник записи _0
a Страна RU
b Организация Муниципальное бюджетное учреждение культуры "Централизованная библиотечная система" г. Сургут (Центральная городская библиотека им. А. С. Пушкина)
g Правила каталогизации КиК/Лебедева
801 Источник записи _1
a Страна RU
b Организация Муниципальное бюджетное учреждение культуры "Централизованная библиотечная система" г. Сургут (Центральная городская библиотека им. А. С. Пушкина)
g Правила каталогизации КиК/Лебедева
852 Данные о местонахождении __
j Шифр хранения 84(2Рос=Рус)6-4
c Каталожный индекс 84(2Рос=Рус)6-4
i Авторский знак М 69
p Инвентарный номер 103327(с); 131070(с)
901 Тип документа __
t Тип документа m
903 Характеристики (МАРС) __
a Дата передачи 20061205
990 Данные о заказе (DOS) __
j Количество экземпляров (DOS) 1
t N записи в КСУ для И/У (DOS) ретро